Statistics for You’re On Your Own, Kid: Lyrics

Click here to take the quiz!

General Stats

  • This quiz has been taken 109 times
  • The average score is 257 of 298

Answer Stats

lyrics% Correct
a
100%
i
100%
be
99%
it,
99%
it
99%
the
99%
you
99%
he
97%
my
97%
of
97%
in
96%
on
96%
to
96%
your
96%
and
94%
as
94%
friends,
94%
friends
94%
kid,
94%
this,
94%
this
94%
you're
94%
always
93%
away,
93%
best
93%
blood,
93%
blood
93%
body,
93%
by
93%
fireplace
93%
from
93%
have
93%
own,
93%
party
93%
with
93%
ashes,
91%
ashes
91%
no
91%
so
91%
so,
91%
been,
90%
been
90%
make
90%
me
90%
me,
90%
there
90%
there,
90%
we’re
90%
were
90%
for
89%
splashes
89%
starved
89%
take
89%
take,
89%
can
87%
hosted
87%
stay,
87%
tears
87%
gave
86%
kiss,
86%
parties
86%
perfect
86%
saved
86%
say,
86%
sprinkler
86%
sweat,
86%
know
84%
what
84%
better
83%
don't
83%
face,
83%
face
83%
home
83%
it’s
83%
its
83%
just
83%
not,
83%
they
83%
took
83%
wait
83%
cool
81%
dream
81%
money,
81%
play
81%
summer
81%
that
81%
funny,
80%
i'd
80%
jokes
80%
like
80%
notice
80%
smoking
80%
weren't
80%
around
79%
boys,
79%
bridges
79%
can't
79%
friendship
79%
gonna
79%
hear
79%
search
79%
soaked
79%
something
79%
went
79%
yearning
79%
all
77%
bodies,
77%
burned,
77%
he’s
77%
is
77%
one
77%
pages
77%
see
77%
still,
77%
voice,
77%
bracelets,
76%
days,
76%
learn
76%
looked
76%
never
76%
who
76%
cared,
74%
moment
74%
okay
74%
saw
74%
step
74%
turned,
74%
cause
73%
could
73%
gown,
73%
out,
73%
stays,
73%
them,
73%
town,
73%
anyway,
71%
loves
71%
touch
71%
ages
70%
aren't
70%
dreams
70%
everything
70%
getting
70%
lose
70%
parking
70%
waited
70%
didn't
69%
phone
69%
rare,
69%
run
69%
lot,
67%
patiently,
67%
reason
67%
there's
67%
afraid,
66%
choose
66%
taste
66%
yeah,
66%
daisy
64%
great
64%
if
64%
i'll
64%
long
64%
room,
63%
called
61%
different
61%
escape,
61%
may,
61%
songs
61%
taxi
61%
got
60%
you've
60%
petals,
57%
bloomed,
56%
picked
56%
writing
54%

Score Distribution

Percentile by Number Answered

Percent of People with Each Score

Your Score History

You have not taken this quiz